Statistics for Interesting Facts Quiz #8

Click here to take the quiz!

General Stats

  • This quiz has been taken 10,929 times
  • The average score is 12 of 20

Answer Stats

Answer% Correct
___ _____ was born closer to Abraham Lincoln's second inauguration in 1864
than to his own inauguration in 2021
Joe Biden
89%
In India, there is a 1 in 270 chance that a person will die by being bitten by a _____Snake
83%
About 11% of adults in the U.S. have type 2 ________Diabetes
80%
______ can grow more than 1 meter in height in less than 24 hoursBamboo
76%
Dinner used to be a mid-day meal, with ______ eaten in the eveningSupper
76%
Some populations of African elephants are evolving to not have _____
due to widespread poaching
Tusks
76%
A 9.0 __________ releases 1,000 times as much energy as a 7.0 __________Earthquake
72%
_______ is the only country without mosquitosIceland
71%
According to one estimate, 27% of the adult male population of China
was addicted to _____ at the turn of the 20th century
Opium
71%
Before _______ was discovered in 1846, its existence was inferred from
perturbations in the orbit of Uranus
Neptune
67%
In Japan, it is traditional to consume Kentucky Fried Chicken on ________Christmas
66%
_________ didn't have to fight for independence. It was involuntarily expelled
from Malaysia in 1965.
Singapore
64%
______ live in Lake Nicaragua, a freshwater lakeSharks
56%
A man's ____ is about 20-25% thicker than a woman'sSkin
48%
When the ______ was brought from America to Europe, it was initially thought
to be poisonous
Tomato
47%
The S in _____ _. ______'s name is not an abbreviation. His middle name was S.Harry S. Truman
45%
"The Matrix" was originally supposed to star ____ _____ as Neo,
but he turned it down to star in "Wild Wild West"
Will Smith
42%
As a child, ___ ____-__ was taken to visit Tokyo Disneyland using a
fake Brazilian passport
Kim Jong-un
33%
The immortal _________ can theoretically live foreverJellyfish
27%
The shotgun that ______ ________ used to kill himself was purchased from
Abercrombie and Fitch
Ernest Hemingway
16%

Score Distribution

Percentile by Number Answered

Percent of People with Each Score

Your Score History

You have not taken this quiz